| 000 | 00358nam a2200145Ia 4500 | ||
|---|---|---|---|
| 008 | 230917s9999||||xx |||||||||||||| ||und|| | ||
| 040 |
_e196119 _aMAIN |
||
| 041 | _aEnglish | ||
| 082 | _a300.72 B469R | ||
| 100 | _aBhatt, Dipti P | ||
| 245 | 0 | _aResearch methodology | |
| 260 |
_aNew Delhi _bA P H Publishing _c2010 |
||
| 300 | _aviii, 233 p. | ||
| 942 | _cBK | ||
| 999 |
_c159098 _d159098 |
||